Statistiche per Vincitori NBA

Clicka qui per fare il quiz!

Statistiche generali

  • Questo quiz è stato fatto 218 volte
  • Il punteggio medio è 66 su 77

Statistiche sulle risposte

StagioneSquadra vincitrice% Corretto
1984-1985Los Angeles Lakers
99%
2009-2010Los Angeles Lakers
99%
1999-2000Los Angeles Lakers
99%
2000-2001Los Angeles Lakers
99%
2001-2002Los Angeles Lakers
99%
1987-1988Los Angeles Lakers
99%
1986-1987Los Angeles Lakers
99%
2008-2009Los Angeles Lakers
99%
1981-1982Los Angeles Lakers
99%
1979-1980Los Angeles Lakers
99%
1971-1972Los Angeles Lakers
99%
2019-2020Los Angeles Lakers
99%
2007-2008Boston Celtics
95%
1967-1968Boston Celtics
95%
1973-1974Boston Celtics
95%
1958-1959Boston Celtics
95%
1956-1957Boston Celtics
95%
1983-1984Boston Celtics
95%
1968-1969Boston Celtics
95%
1980-1981Boston Celtics
95%
1975-1976Boston Celtics
95%
1965-1966Boston Celtics
95%
1964-1965Boston Celtics
95%
1963-1964Boston Celtics
95%
1962-1963Boston Celtics
95%
1961-1962Boston Celtics
95%
1960-1961Boston Celtics
95%
1959-1960Boston Celtics
95%
1985-1986Boston Celtics
95%
1996-1997Chicago Bulls
95%
1990-1991Chicago Bulls
95%
1997-1998Chicago Bulls
95%
1991-1992Chicago Bulls
95%
1995-1996Chicago Bulls
95%
1992-1993Chicago Bulls
95%
2021-2022Golden State Warriors
94%
2017-2018Golden State Warriors
94%
1974-1975Golden State Warriors
94%
2014-2015Golden State Warriors
94%
2016-2017Golden State Warriors
94%
2012-2013Miami Heat
94%
2005-2006Miami Heat
94%
2011-2012Miami Heat
94%
1953-1954Minneapolis Lakers
93%
1952-1953Minneapolis Lakers
93%
1951-1952Minneapolis Lakers
93%
1949-1950Minneapolis Lakers
93%
1948-1949Minneapolis Lakers
93%
2020-2021Milwaukee Bucks
92%
1970-1971Milwaukee Bucks
92%
2015-2016Cleveland Cavaliers
91%
2022-2023Denver Nuggets
90%
1999San Antonio Spurs
89%
2004-2005San Antonio Spurs
89%
2013-2014San Antonio Spurs
89%
2002-2003San Antonio Spurs
89%
2006-2007San Antonio Spurs
89%
2018-2019Toronto Raptors
88%
2010-2011Dallas Mavericks
83%
1988-1989Detroit Pistons
80%
1989-1990Detroit Pistons
80%
2003-2004Detroit Pistons
80%
1946-1947Philadelphia Warriors
76%
1955-1956Philad. Warriors
76%
1994-1995Houston Rockets
75%
1993-1994Houston Rockets
75%
1969-1970New York Knicks
64%
1972-1973New York Knicks
64%
1982-1983Philadelphia 76ers
64%
1966-1967Philadelphia 76ers
64%
1976-1977Portland Trail Blazers
46%
1957-1958Saint Louis Hawks
46%
1978-1979Seattle SuperSonics
39%
1947-1948Baltimore Bullets
30%
1977-1978Washington Bullets
29%
1950-1951Rochester Royals
13%
1954-1955Syracuse Nationals
10%

Distribuzione punteggi

Percentile per numero di risposta

Percentuale di utenti per punteggio

I tuoi punteggi nel tempo

Non hai fatto questo quiz